MARC

LEADER 00000nam0a2200000 4500
001 94393
005 20231031105629.0
035 |a (RuTPU)RU\TPU\book\101108 
090 |a 94393 
100 |a 20060411d1974 km y0rusy50 ca 
101 0 |a rus 
102 |a RU 
105 |a a z 001zy 
200 1 |a Формирование берегов Красноярского водохранилища  |f В. С. Кусковский [и др.]  |g Сибирское отделение АН СССР; Географическое общество СССР; Сибирский научно-исследовательский институт энергетики; отв. ред. В. М. Широков 
210 |a Новосибирск  |c Наука  |d 1974 
215 |a 235 с.  |c ил. 
320 |a Библиогр.: с. 228-232. 
610 1 |a водохранилища 
610 1 |a морфология 
610 1 |a морфометрия 
610 1 |a гидрологические особенности 
610 1 |a берега 
610 1 |a формирование 
610 1 |a воды подземные 
610 1 |a подпор 
610 1 |a прогнозирование 
675 |a 551.482.5  |v 3 
701 1 |a Кусковский  |b В. С.  |g Виктор Семенович 
701 1 |a Подлипский  |b Ю. И.  |g Юрий Иванович 
701 1 |a Савкин  |b В. М.  |g Валерий Михайлович 
701 1 |a Широков  |b В. М.  |g Вячеслав Михайлович 
702 1 |a Широков  |b В. М.  |g Вячеслав Михайлович  |4 340 
712 0 2 |a Сибирское отделение АН СССР  |2 stltpush  |3 (RuTPU)RU\TPU\col\288 
712 0 2 |a Географическое общество СССР  |2 stltpush  |3 (RuTPU)RU\TPU\col\8461 
712 0 2 |a Сибирский научно-исследовательский институт энергетики  |2 stltpush  |3 (RuTPU)RU\TPU\col\8801 
801 1 |a RU  |b 63413507  |c 20060411  |g PSBO 
801 2 |a RU  |b 63413507  |c 20080109  |g PSBO 
942 |c BK